| 000 | 00470cam a2200193ua 4500 | ||
|---|---|---|---|
| 020 | _cRs 9.00 | ||
| 041 |
_ahin _h |
||
| 082 |
_a891.54 _bBAD/RA |
||
| 100 | _aBadarinath , Jha . | ||
| 245 |
_aRasagangadhar / _cBadarinath Jha. _hTextual Documents |
||
| 250 |
_a2 / _b. |
||
| 260 |
_a : _bChowkhamba Vidya Bhawan , _c1964. |
||
| 300 | _a406 ; . | ||
| 365 | _aRs 9.00 | ||
| 504 | _a | ||
| 700 | 1 | _aMadan Mohan, Jha . | |
| 942 | _cBK | ||
| 999 |
_c3696 _d3696 |
||